Pavel Vežinov: Druhá rota

Bibliographic Details
Main Author: Hochel, Igor, 1953- (Author)
Format: Article
Language:Slovak
Subjects:

MARC

LEADER 00000nab a2200000uu 4500
001 vtls011514191
003 SK-MaSNL
005 20260303181031.0
008 230704|1976 xo |||||||||||||||||slo|
015 |a SNBRB 
035 |a (urnnbn)urn:nbn:sk:snk:ar-001g4e 
035 |a (uuid)62428b6a-ab46-46ba-bf9c-2d4e290fac5c 
035 |a urn:nbn:sk:snk-abe44c 
040 |a SNKBUCL  |b slo  |c SNKBUCL  |e AACR2 
041 0 |a slo 
044 |a xo  |c SK 
100 1 |a Hochel, Igor,  |d 1953-  |4 aut  |9 101382 
245 1 0 |a Pavel Vežinov: Druhá rota  |c Igor Hochel 
650 0 7 |a bulharské poviedky  |2 SNKPH  |9 156298 
655 7 |a recenzie  |2 SNKPH  |9 21907 
773 0 |t Slovenské pohľady  |g Roč. 92, č. 5 (1976), s. 145-146 
850 |a Slovenská národná knižnica 
852 |a Slovenská národná knižnica 
954 |a odborná, vedecká literatúra pôvodná (slovenská)  |2 lita 
958 |a OND 
958 |a EUIPO 
958 |a article21 
999 |c 2108549  |d 2110479